[Event "Moscow Time of the First U15"]
[Site "Moscow"]
[Date "2019.06.17"]
[Round "1"]
[White "Doinikov, Egor"]
[Black "Krotov, Damian"]
[Result "1-0"]
[WhiteElo "1075"]
[BlackElo "1590"]
[PlyCount "137"]
[EventDate "2019.06.17"]
[EventType "swiss"]
[EventRounds "9"]
[EventCountry "RUS"]
[SourceTitle "EXT 2021"]
[Source "ChessBase"]
[SourceDate "2020.10.23"]
[SourceVersion "1"]
[SourceVersionDate "2020.10.23"]
[SourceQuality "1"]

1. e4 c6 2. Nf3 d5 3. exd5 cxd5 4. d4 Nc6 5. Nc3 Nf6 6. Bb5 Bg4 7. Qd3 a6 8. Bxc6+ bxc6 9. 0-0 e6 10. Bg5 Bf5 11. Qd2 Be7 12. Ne5 Qb6 13. Na4 Qc7 14. Qe2 0-0 15. Bxf6 Bxf6 16. Nc5 Bxe5 17. Qxe5 Qxe5 18. dxe5 Rfb8 19. b3 Rb5 20. Nd3 a5 21. a4 Bxd3 22. cxd3 Rxb3 23. Rfd1 Rab8 24. Kf1 g6 25. Ke2 Rb2+ 26. Ke3 Rc2 27. Rdc1 Rbb2 28. Rxc2 Rxc2 29. Rb1 Ra2 30. Rb6 Rxa4 31. Rxc6 Ra2 32. Ra6 a4 33. g3 a3 34. h4 Kg7 35. Ra7 Ra1 36. Kf3 a2 37. Ke2 h6 38. d4 g5 39. h5 g4 40. Ra8 Rh1 41. Rxa2 Rxh5 42. Ra7 Rf5 43. Ke3 Rf3+ 44. Ke2 h5 45. Ra1 Rc3 46. Rd1 Kg6 47. Rf1 Kg5 48. Rh1 Rc4 49. Kd3 Ra4 50. Rh2 Ra3+ 51. Kc2 Ra2+ 52. Kd3 f5 53. f4+ gxf3 54. Rxa2 Kg4 55. Ke3 Kxg3 56. Ra7 f4+ 57. Kd2 f2 58. Ke2 f3+ 59. Kf1 h4 60. Rg7+ Kf4 61. Kxf2 h3 62. Rh7 Ke4 63. Rxh3 Kxd4 64. Kxf3 Kxe5 65. Ke3 d4+ 66. Kd3 Kd5 67. Rh8 e5 68. Rd8+ Ke6 69. Ke4 1-0